| 000 | 01083nam a22003137a 4500 | ||
|---|---|---|---|
| 003 | CHAP | ||
| 005 | 20220329141624.0 | ||
| 008 | 971013s1965 r 00010 d | ||
| 010 | _a71178 | ||
| 011 | _a72150 | ||
| 035 | _a81704 | ||
| 040 | _cCHAP | ||
| 090 | _aFolleto 349 | ||
| 110 |
_aBanco de México. Departamento de Estudios Económicos. Biblioteca _99834 |
||
| 245 | _aInversiones extranjeras, 1940-1961 | ||
| 260 |
_aMéxico, D.F. : _bEl autor, _c1965 |
||
| 300 | _a41 p. | ||
| 490 |
_aBanco de México, S. A. Serie de bibliografías especiales _v; 4 |
||
| 590 |
_aBATCH-UPD _b10 _c20130110 _lUCH01 _h1245 |
||
| 590 |
_aBATCH-UPD _b10 _c20130410 _lUCH01 _h0809 |
||
| 590 |
_aBATCH-UPD _b10 _c20130914 _lUCH01 _h1653 |
||
| 590 |
_aCONVERSION _b10 _c20130109 _lUCH01 _h1339 |
||
| 650 | 1 | 4 |
_aInversiones extranjeras _xMéxico. _960200 |
| 830 | 0 |
_aBanco de México, S. A. Serie de bibliografías especiales _v; 4 _99832 |
|
| 901 | _aBK | ||
| 942 | _cFOLL | ||
| 949 |
_aFolleto 349 _bBC _cFOLL _d-35276 _eTS1 _i81704 _si |
||
| 949 |
_aFolleto 349 _bBC _cFOLL _d-35278 _eTS2 _fc.2 _i81704 _si |
||
| 999 |
_c71178 _d71178 |
||